00381 2200157 4500001002100000008004100021035002000062245003900082100001600121250000600137260003200143084001400175082000800189650001400197990001200211INLIS000000000001554 ind  a0010-0125000052 aKamus Istilah SerapancKomaruzaman aKomaruzaman a1 aYogyakarta :bAbsolutc2005 a413 KOM k a413 aReferensi a0715303